Statistics for Fallout: New Vegas - Factions

Click here to take the quiz!

General Stats

  • This quiz has been taken 1,139 times
  • The average score is 18 of 28

Answer Stats

HintAnswer% Correct
Democratic nation aiming to annex New VegasNew California Republic
99%
Monolithic empire modeled on ancient RomeCaesar's Legion
98%
Sovereign leader of New VegasMr. House
96%
Gang of Elvis imitators that controls FreesideThe Kings
95%
Isolationist tribe obsessed with explosive ordnanceBoomers
88%
Once-great tribe of nomadic warriors reminiscent of the Mongol EmpireGreat Khans
88%
Large band of escaped convicts armed with dynamitePowder Gangers
86%
Secretive technology-hoarding faction hiding in a bunkerBrotherhood of Steel
83%
Town of scavengers, with giant dinosaur landmarkNovac
79%
Town of small-time farmers/ranchers; game start pointGoodsprings
76%
Small elderly group of survivors from a once-feared faction claiming to be the US governmentEnclave Remnants
74%
The largest and most vicious raider tribe around New VegasFiends
69%
Humanist faction that spreads knowledge of agriculture and medicineFollowers of the Apocalypse
66%
Small independent town with its own casino, needs a new sheriffPrimm
63%
Super mutant town "nestled high up in a ski lodge"Jacobstown
60%
Organization of high-quality weapons manufacturersGun Runners
58%
High-class Strip tribe, may or may not be cannibalsWhite Glove Society
58%
another minor raider tribeVipers
51%
Mafioso tribe on the StripOmertas
50%
Another super mutant settlement, taken over by insane nightkinBlack Mountain
50%
The largest trading outfit in the regionCrimson Caravan
48%
Cutthroat family of energy weapons dealersVan Graffs
48%
50's style Strip tribe, "Ring-a-ding, baby!"Chairmen
43%
another minor raider tribeJackals
40%
Underground fight club, mainly featuring animal fightsThe Thorn
32%
Independent town in the New Vegas area with its own militiaWestside
27%
the weakest, most pathetic raider tribe; can be blamed for a missing trooper's deathScorpions
26%
"Religious ghouls in rockets looking for a land to call their own"Bright Brotherhood
20%

Score Distribution

Percentile by Number Answered

Percent of People with Each Score

Your Score History

You have not taken this quiz